| 000 | 00443nam a2200145Ia 4500 | ||
|---|---|---|---|
| 008 | 150610s9999 xx 000 0 und d | ||
| 020 | _a0 448089092 | ||
| 050 |
_aPS3507 _b.I9274 G74 1993 |
||
| 100 | _aDixon, Franklin W. | ||
| 245 | 4 |
_aThe great airport mystery / _cby Franklin W. Dixon. |
|
| 260 |
_aNew York : _bGrosset & Dunlap, _c1993. |
||
| 300 |
_a175pages ; _c20 cm. |
||
| 440 | _aHardy boys mystery stories ; 9 | ||
| 520 | _aFiction. | ||
| 999 |
_c288161 _d288161 |
||